LIBRARY & INFORMATION CENTRE, KCAET, TAVANUR

ONLINE PUBLIC ACCESS CATALOGUE (OPAC)

Engineeing Drawing And Graphics (Record no. 14306)

MARC details
000 -LEADER
fixed length control field 00388nam a22001577a 4500
003 - CONTROL NUMBER IDENTIFIER
control field OSt
008 - FIXED-LENGTH DATA ELEMENTS--GENERAL INFORMATION
fixed length control field 180831b ||||| |||| 00| 0 eng d
020 ## - INTERNATIONAL STANDARD BOOK NUMBER
ISBN 8122415458
082 ## - DEWEY DECIMAL CLASSIFICATION NUMBER
Classification number 604.2
Item number VEN/EN
100 ## - MAIN ENTRY--AUTHOR NAME
Personal name Venugopal.K
245 ## - TITLE STATEMENT
Title Engineeing Drawing And Graphics
250 ## - EDITION STATEMENT
Edition statement 5
260 ## - PUBLICATION, DISTRIBUTION, ETC. (IMPRINT)
Place of publication New Delhi
Name of publisher New Age International Publishers
Year of publication 2009
300 ## - PHYSICAL DESCRIPTION
Number of Pages 25.36
942 ## - ADDED ENTRY ELEMENTS (KOHA)
Koha item type Books
Holdings
Withdrawn status Lost status Damaged status Collection code Home library Current library Shelving location Date acquired Source of acquisition Cost, normal purchase price Full call number Accession Number Koha item type
        KAUAET KAUAET General Stacks 15/06/2016 Penta Books, Calicut 180.00 604.2 VEN/EN 24209 Books
free website counter